Top Goal Scorer From Every Football World Cup - Statistics

General Stats
  • This quiz has been taken 35 times
  • The average score is 12 of 22
Answer Stats
World Cup Year Answer % Correct
2022 Kylian Mbappé
100%
2002 Ronaldo
97%
2010 Thomas Müller, David Villa, Wesley Sneijder, Diego Forlán
94%
1970 Gerd Müller
88%
2006 Miroslav Klose
88%
2018 Harry Kane
78%
2014 James Rodríguez
69%
1962 Garrincha,Vavá, Leonel Sánchez, Flórián Albert, Valentin Ivanov, Dražan Jerković
59%
1994 Hristo Stoichkov, Oleg Salenko
59%
1958 Just Fontaine
59%
1982 Paolo Rossi
59%
1966 Eusébio
53%
1978 Mario Kempes
53%
1998 Davor Šuker
50%
1986 Gary Lineker
44%
1990 Salvatore Schillaci
31%
1974 Grzegorz Lato
28%
1954 Sándor Kocsis
19%
1938 Leônidas
16%
1930 Guillermo Stábile
13%
1950 Ademir
9%
1934 Oldřich Nejedlý
6%
No matching quizzes found
Score Distribution
Percent of People with Each Score
Percentile by Number Answered
Your Score History
You have not taken this quiz